000 01168cam a22003374a 4500
001 15658792
003 OSt
005 20140310182709.0
008 090313s2010 nyua b 001 0 eng
010 _a 2009009019
020 _a9780816077182 (alk. paper)
040 _aDLC
_cDLC
_dDLC
050 0 0 _aGV 1060.8
_b.H842 2010
082 0 0 _aM 796.42082
_bH842 2010
100 1 _aHousewright, Ed.
245 1 0 _aWinning track and field for girls /
_cHousewright, Ed ; foreword by Jackson, Jason Lamont
250 _a2nd ed.
260 _aNew York, NY :
_bChelsea House Publishers,
_cc2010.
300 _axxi, 194 p. :
_bcol. : ill. ;
_c24 cm.
490 0 _aThe winning sports for girls series
500 _a"A Moutain Lion book".
504 _aIncludes bibliographical references (p. 188-189) and index.
521 _aCollege Students
526 _c1210L-1700L
541 _j1
562 _e1
650 0 _aTrack and field for women.
906 _a7
_bcbc
_corignew
_d1
_eecip
_f20
_gy-gencatlg
942 _2lcc
_cBK
_kM
999 _c15234
_d15234